1187 1310 1960 1478 1272 1351 1001 1587 1197 1638 1081 1422 1739 1028 1945 1098 1139 1913 1472 1588 1810 1009 1312 1401 1881 1465 1996 1555 1679 1837 1191 1754 1343 1429 1057 1559 1957 1679 1165 1779 1118 1006 1130 1850 1145 1432 1620 1668 1853 1778 1114 1777 1905 1340 1536 1115 1362 1769 1683 1302 1304 1165 1920 1887 1930 1682 1001 1114 1915 1976 1573 1105 1212 1428 1492 1725 1465 1721 1723 1156 1272 1697 1297 1179 1266 1663 1246 1775 1642 1354 1934 1931 1969 1783 1259 1344 1779 1805 1852 BCNSPRNW ULIB Ver.6.0+V

เปลี่ยนเป็นภาษาไทย

Change to English
 แสดงรายละเอียดบรรณานุกรม
  กลับหน้าหลัก

Brief Record : Get Marc (ISO 2709) : E-mail record : QR code < ปิดหน้าต่าง
LEADER : 00000nam 2200000uu 4500
001    13399111253
003     ULIB
008    110621s||||||||th 000 0 tha d
020    9789740475002
050  4 BF698^bศ272ท 2547
100 0  ศรีเรือน แก้วกังวาล
245 10 ทฤษฎีจิตวิทยาบุคลิกภาพ :^bรู้เรา รู้เขา /^cศรีเรือน แก้วกังวาล
246 30 รู้เรา รู้เขา
250    พิมพ์ครั้งที่ 12
260    กรุงเทพฯ :^bหมอชาวบ้าน,^c2547
300    554 หน้า :^bภาพประกอบ ;^c21 ซม.
504    มีบรรณานุกรมและดัชนี
650  7 การปรับตัว (จิตวิทยา)
650  7 บุคลิกภาพ^xจิตวิทยา
650  7 การดำเนินชีวิต
650  7 จิตวิทยา
650  7 บุคลิกภาพ
945    ^p245^l0^i017580
945    ^p245^l0^i017579
945    ^p245^l0^i017578
995    ทศพร
999 ^a ใช้งานได้ทุกระบบ
รายการนี้ยังไม่มีแท็ก
คุณยังไม่ได้ล็อกอิน คุณสามารถมีกิจกรรมร่วมกับเว็บไซต์ได้ แต่ต้องล็อกอินก่อน ::
  ล็อกอิน

รายการสื่อสารสนเทศ

ลำดับที่ ประเภท เลขเรียก/บาร์โค้ด สถานที่ สถานะ
- ไม่พบข้อมูล -

รายการใกล้เคียง
    ผู้แต่ง [ศรีเรือน แก้วกังวาล]

    หัวเรื่อง [การปรับตัว (จิตวิทยา)]
    หัวเรื่อง [การดำเนินชีวิต]
    หัวเรื่อง [จิตวิทยา]
    หัวเรื่อง [บุคลิกภาพ]

BibComment


ยังไม่เคยถูกคอมเมนท์

คอมเมนท์ทรัพยากรรายการนี้
  คอมเมนท์: ทฤษฎีจิตวิทยาบุคล..


 Copyright 2026. Bcnsprnw @Library